| 000 | 00351nam a22001457a 4500 | ||
|---|---|---|---|
| 003 | CEME | ||
| 005 | 20210628202241.0 | ||
| 008 | 210301b xxu||||| |||| 00| 0 eng d | ||
| 040 | _c. | ||
| 082 | _a891.4393 TAR | ||
| 100 |
_aTarar, Mustansar Hussain _93135 |
||
| 245 | _aPiyar ka pehla shehar | ||
| 650 |
_aURDU ADAB-NOVEL _920918 |
||
| 942 |
_cBK _2ddc |
||
| 999 |
_c569063 _d569063 |
||